Indian economy : (Record no. 66213)

MARC details
000 -LEADER
fixed length control field 00452nam a22001457a 4500
005 - DATE AND TIME OF LATEST TRANSACTION
control field 20180803151422.0
020 ## - INTERNATIONAL STANDARD BOOK NUMBER
International Standard Book Number 8173281041
Terms of availability 225.00
035 ## - SYSTEM CONTROL NUMBER
System control number B-61222, A-739359, A-808773
037 ## - SOURCE OF ACQUISITION
Stock number DPL
Source of stock number/acquisition ENG
100 ## - MAIN ENTRY--PERSONAL NAME
Personal name Agrawal, A.N.
245 ## - TITLE STATEMENT
Title Indian economy :
Remainder of title Problems of development and planning /
Statement of responsibility, etc by A.N. Agrawal
260 ## - PUBLICATION, DISTRIBUTION, ETC. (IMPRINT)
Place of publication, distribution, etc New Delhi
Name of publisher, distributor, etc Wishwa Prakashan
Date of publication, distribution, etc 2001
300 ## - PHYSICAL DESCRIPTION
Extent xv, 744p.
Dimensions 24 cms.
942 ## - ADDED ENTRY ELEMENTS (KOHA)
Source of classification or shelving scheme Dewey Decimal Classification
Item type English Books
Classification part 330.954
Call number suffix AGA
Holdings
Withdrawn status Lost status Not for loan Collection code Home library Current library Date acquired Cost, normal purchase price Full call number Barcode Cost, replacement price Koha item type Source of acquisition
      Non-fiction Sarojini Nagar Sarojini Nagar 05/05/2012 225.00 330.954 AGA B-061222 225.00 English Books  
      Non-fiction Shahdara Branch Shahdara Branch 03/08/2018 165.00 330.954 AGA A-739359 165.00 English Books BPPD/PUB
      Non-fiction Shahdara Branch Shahdara Branch 03/08/2018 165.00 330.954 AGA A-808773 165.00 English Books BPPD/PUB

© Delhi Public Library
Hit Counter
free hit counter